000 00569nam a2200193Ia 4500
008 131103s9999 xx 000 0 und d
020 _a0247 54441 8
040 _aLoreto College
041 _aEnglish
082 _a372/TEA
_bLCBED/8470
245 2 _aA teacher's guide
_b school council environmental studies project
260 _aLondon
_bRupert Hart Educational
_c1972
300 _a97 p.
_b ill.. plates
_c 21 cm.
504 _aIncludes references and index
650 _aEducation
651 _aElementary education
850 _aLCBED/372/TEA
942 _cBK
999 _c26190
_d76669